| 000 | 00000nam 2200000zi 4500 |
| 001 | 9.955813 |
| 003 | CaOODSP |
| 005 | 20251024100318 |
| 006 | m o d f |
| 007 | cr cn||||||||| |
| 008 | 250926t20252025quc o f000 0 eng d |
| 020 | |a9780660791333 |
| 040 | |aCaOODSP|beng|erda|cCaOODSP |
| 043 | |an-cn--- |
| 086 | 1 |aEn14-534/2025E-PDF |
| 245 | 00|aFederal offset protocol overview : |breducing enteric methane emissions from beef cattle. |
| 264 | 1|a[Gatineau, Quebec] : |bEnvironment and Climate Change Canada = Environnement et changement climatique Canada, |c[2025] |
| 264 | 4|c©2025 |
| 300 | |a1 online resource (2 unnumbered pages) |
| 336 | |atext|btxt|2rdacontent |
| 337 | |acomputer|bc|2rdamedia |
| 338 | |aonline resource|bcr|2rdacarrier |
| 500 | |aIssued also in French under title: Aperçu du protocole fédéral de crédits compensatoires : réduction des émissions de méthane entérique des bovins de boucherie. |
| 500 | |a"EC25061"--Page [2]. |
| 650 | 0|aBeef cattle|xFeeding and feeds|xEnvironmental aspects|zCanada. |
| 650 | 0|aMethane|xEnvironmental aspects|zCanada. |
| 650 | 0|aGreenhouse gas mitigation|zCanada. |
| 710 | 1 |aCanada. |bEnvironment and Climate Change Canada, |eissuing body. |
| 775 | 08|tAperçu du protocole fédéral de crédits compensatoires : |w(CaOODSP)9.955816 |
| 856 | 40|qPDF|s45.10 KB|uhttps://publications.gc.ca/collections/collection_2025/eccc/En14-534-2025-eng.pdf |
| 986 | |aEC25061 |